Films avec Franck Dubosc - Mort subite - Statistiques

Statistiques générales
  • Ce quiz a été pris 125 fois
  • Le résultat moyen est 8 sur 20
Answers on the Grid
Answers color-coded by a green-red scale on the quiz's grid according to % correct below.
Un ours dans le jura
Camping
Bis
Fiston
Barbecue
Plancha
Astérix aux jeux olympiques
Disco
Rumba la vie
10 jours sans maman
10 jours encore sans maman
Tout le monde debout
All inclusive
Boule et Bill
Les visiteurs : La révolution
Bienvenue à bord
Le sens de la famille
Noël Joyeux
Chien et chat
Les seigneurs
Les visiteurs en Amérique
Joyeux Noël
Le marsupilami
RRRrrrr !!!
Ducobu
Le petit Nicolas
La croisière
Nos jours heureux
Qu'est-ce qu'on a fait au bon Dieu
Un p'tit truc en plus
Le dîner de cons
Le sens de la fête
Les 3 frères
Bienvenue chez les ch'tis
OSS 117, Le Caire nid d'espions
La cité de la peur
 
Statistiques - réponses
Réponse % Correct
Camping
65%
Barbecue
51%
Boule et Bill
51%
Fiston
51%
10 jours sans maman
49%
Disco
49%
All inclusive
48%
Un ours dans le jura
45%
10 jours encore sans maman
44%
Bienvenue à bord
41%
Plancha
40%
Bis
39%
Astérix aux jeux olympiques
34%
Tout le monde debout
32%
Les seigneurs
28%
Rumba la vie
27%
Noël Joyeux
24%
Les visiteurs : La révolution
20%
Chien et chat
16%
Le sens de la famille
13%
Aucun quiz correspondant
Distribution des résultats
% des personnes avec chaque résultat
Percentile par nombre de réponses
Votre historique - résultats
Vous n’avez pas pris ce quiz